| 000 | 00000nam 2200000zi 4500 |
| 001 | 9.922120 |
| 003 | CaOODSP |
| 005 | 20230503112443 |
| 006 | m o d f |
| 007 | cr |n||||||||| |
| 008 | 230501e20230403onc ob f|0| 0 eng d |
| 040 | |aCaOODSP|beng|erda|cCaOODSP |
| 043 | |an-cn--- |
| 086 | 1 |aYN5-265/2023E-PDF |
| 245 | 00|aCost of removing the tax exemptions for Real Estate Investment Trusts. |
| 264 | 1|aOttawa : |bOffice of the Parliamentary Budget Officer = Bureau du Directeur parlementaire du budget, |cApril 3, 2023. |
| 264 | 4|c©2023 |
| 300 | |a1 online resource (16 pages) |
| 336 | |atext|btxt|2rdacontent |
| 337 | |acomputer|bc|2rdamedia |
| 338 | |aonline resource|bcr|2rdacarrier |
| 500 | |aIssued also in French under title: Estimation des coûts de l’élimination des exemptions fiscales accordées aux fiducies de placement immobilier. |
| 500 | |a"RP-2324-001-M_e." |
| 504 | |aIncludes bibliographical references (pages 14). |
| 650 | 0|aReal estate investment trusts|zCanada. |
| 650 | 0|aTax exemption|zCanada. |
| 710 | 1 |aCanada. |bOffice of the Parliamentary Budget Officer, |eissuing body. |
| 775 | 08|tEstimation des coûts de l’élimination des exemptions fiscales accordées aux fiducies de placement immobilier.|w(CaOODSP)9.922208 |
| 856 | 40|qPDF|s476 KB|uhttps://publications.gc.ca/collections/collection_2023/dpb-pbo/YN5-265-2023-eng.pdf |